| 000 | 00000nam##2200000za#4500 |
| 001 | 9.601742 |
| 003 | CaOODSP |
| 005 | 20210624210223 |
| 007 | cr ||||||||||| |
| 008 | 150406|2007||||xxc|||||o f|0| 0 fre|d |
| 022 | |a1919-3815 |
| 040 | |aCaOODSP|bfre |
| 043 | |an-cn--- |
| 086 | 1 |aFs70-7/2007-016F-PDF |
| 110 | 1 |aCanada. |bMinistère des pêches et des océans. |bRégion du Centre et de l'Arctique. |
| 245 | 10|aRésumé sur les facteurs de conversion du poids du produit en poids brut pour la pêche au flétan du Groenland dans les divisions 0A et 0B de l'OPANO |h[ressource électronique] |
| 246 | 17|aRégion du Centre et de l'Arctique : réponse des sciences, facteurs de conversion |
| 260 | |aWinnipeg - Manitoba : |bPêches et Océans Canada. |cOctobre 2007. |
| 300 | |a10p.|bréférences, tableaux |
| 490 | 1 |aSecrétariat canadien de consultation scientifique - réponse des sciences |x1919-3815|v2007/016, Région du Centre et de l'Arctique |
| 590 | |a11-22-Supp|b2011-10-13 |
| 775 | 08|tSummary of product weight to round weight conversion factors for the NAFO division 0A and 0B Greenland halibut fishery |w(CaOODSP)9.571098 |
| 830 | #0|aRéponse des sciences (Secrétariat canadien de consultation scientifique)|x1919-3815|v2007/016, Région du Centre et de l'Arctique|w(CaOODSP)9.502630 |
| 856 | 40|ahttp://publications.gc.ca|qPDF|s51 Ko|uhttps://publications.gc.ca/collections/collection_2011/mpo-dfo/Fs70-7-2007-016-fra.pdf|y2007/016, Région du Centre et de l'Arctique |